000 00830nam a2200265Ia 4500
001 Para_2699
003 CHAP
008 220125s1977 xx 000 0 und d
010 _a201193
040 _cCHAP
082 _aPA 632.95 F34
100 _aFairchild, Edward J.
_939338
245 _aAgricultural chemicals and pesticides :
_b a subfile of the niosh registry of toxic effects of chemical substances /
_c Edward J. Fairchild
260 _aCincinnati, Ohio :
_b Department of Health, education and and Welfare
300 _a227 p.
440 _aObew (NIOsH), 77-180)
_982511
650 _aPesticidas
_x Toxicidad
_987571
901 _aPA 632.95 F34
902 _aA
905 _a0000001977 CIN 0000000000 00
910 _a1977
942 _cPARA
942 _cPARA
_d1
999 _c201193
_d201193